Statistiques concernant Pays ayant le plus de trafic JetPunk

Cliquez ici pour prendre le quiz!

Statistiques générales

  • Ce quiz a été pris 73 fois
  • Le résultat moyen est 5 sur 5

Statistiques - réponses

Réponse% Correct
Royaume-Uni
97%
France
95%
Australie
94%
Etats-Unis
94%
Canada
76%

Distribution des résultats

Percentile par nombre de réponses

% des personnes avec chaque résultat

Votre développement - résultats

Vous n’avez pas pris ce quiz